| 000 | 00483nam a2200169 a 4500 | ||
|---|---|---|---|
| 001 | 4202 | ||
| 003 | CDMR | ||
| 005 | 20260515062531.0 | ||
| 008 | 130130s1967||||||||||||||||||||||||||||d | ||
| 040 |
_aCDMR _bcat _cCDMR |
||
| 245 | 0 |
_aCiencia y enseñanza del periodismo _cAngel Benito ... [et al.] |
|
| 260 |
_aPamplona _c1967 _bUniversidad de Navarra |
||
| 490 | 0 |
_aCuadernos de trabajo _v11 |
|
| 650 | 0 | 4 |
_92734 _aPeriodisme _xEnsenyament |
| 700 | 1 |
_aBenito, Ángel _9631 |
|
| 942 |
_cMON _2udc |
||
| 999 |
_c4202 _d4202 |
||